LEADER 01078cam0-2200325---450- 001 990005806290403321 005 20100315122508.0 010 $a88-7119-743-7 035 $a000580629 035 $aFED01000580629 035 $a(Aleph)000580629FED01 035 $a000580629 100 $a19990604d1994----km-y0itay50------ba 101 0 $aita 102 $aIT 105 $ay-------101yy 200 1 $a<>letterato tra miti e realtà del Nuovo Mondo$eVenezia, il mondo iberico e l'Italia$eatti del convegno di Venezia, 21-23 ottobre 1992$fa cura di Angela Caracciolo Aricó 210 $aRoma$cBulzoni$dc1994 215 $a573 p.$d24 cm 225 1 $aProgetto strategico Italia-Ameria Latina 610 0 $aAmerica$aScoperta$aInfluenza sulla letteratura$aSec. 16.-18.$aCongressi$a1992 676 $a970.01 676 $a809.933 58 801 0$aIT$bUNINA$gRICA$2UNIMARC 901 $aBK 912 $a990005806290403321 952 $a809.933 CAR 1$bDip.f.m.6758$fFLFBC 959 $aFLFBC 996 $aLetterato tra miti e realtà del Nuovo Mondo$9568528 997 $aUNINA LEADER 02889cam--2200553---450- 001 990003431790203316 005 20110302122110.0 010 $a978-88-495-2001-9 035 $a000343179 035 $aUSA01000343179 035 $a(ALEPH)000343179USA01 035 $a000343179 100 $a20100730d2010----km-y0itay50------ba 101 $aita$aeng 102 $aIT 105 $a||||||||001yy 200 1 $aJustice cooperation peace$ela cooperazione di giustizia per lo sviluppo e la pace nel Mediterraneo$eSimposio scientifico internazionale : Palazzo Reale di Caserta, 16- 17 novembre 2007$eatti e contributi dedicati a Gaetano Liccardo nel suo ottantesimo compleanno$fSeconda Università degli studi di Napoli, Facoltà di studi politici Jean Monnet per l'alta formazione europea e mediterranea$gdi concerto con Ministero della giustizia, Consiglio superiore della magistratura$gin collaborazione con EPUF - EuroMed University Permanent Forum, Link Campus University 210 $aNapoli$cEdizioni Scientifiche Italiane$d2010 215 $a2 v. (xliv, ix, 1253 p.)$d24 cm 225 2 $aPubblicazioni della Facoltà di studi politici e per l'alta formazione europea e mediterranea Jean Monnet della Seconda università degli studi di Napoli$iAtti e convegni$v7 327 1 $a Prospettive e modelli della cooperazione di giustizia nel Mediterraneo$a Contabilità, finanza pubblica e fiscalità nell'area euro-mediterranea 410 0$aPubblicazioni della Facoltà di studi politici e per l'alta formazione europea e mediterranea Jean Monnet della Seconda università degli studi di Napoli$12001$v, 7 454 1$12001 461 1$1001-------$12001 676 $a327.172091822 702 1$aLICCARDO,$bGaetano 710 02$aSeconda Università degli studi di Napoli$bFacoltà di studi politici Jean Monnet per l'alta formazione europea e mediterranea$0608365 712 02$aLink Campus University 712 01$aITALIA$b: Ministero della Giustizia 712 01$aITALIA$d: Consiglio superiore della magistratura 712 02$aEuroMed Permanent University Forum 801 0$aIT$bsalbc$gISBD 912 $a990003431790203316 951 $aXXI.4. 533 1$b68247 G.$cXXI.4.$d00281036 951 $aXXI.4. 533 2$b68248 G.$cXXI.4.$d00281164 959 $aBK 969 $aGIU 979 $aFIORELLA$b90$c20100730$lUSA01$h0905 979 $aFIORELLA$b90$c20100730$lUSA01$h0914 979 $aFIORELLA$b90$c20100730$lUSA01$h0917 979 $aFIORELLA$b90$c20100730$lUSA01$h0919 979 $aFIORELLA$b90$c20100730$lUSA01$h0920 979 $aFIORELLA$b90$c20100730$lUSA01$h0920 979 $aFIORELLA$b90$c20110302$lUSA01$h1215 979 $aFIORELLA$b90$c20110302$lUSA01$h1221 979 $aCHIARA$b90$c20120124$lUSA01$h1345 979 $aCHIARA$b90$c20120124$lUSA01$h1346 996 $aJustice cooperation peace$91110149 997 $aUNISA